Impuesto a las ganancias (Registro nro. 4790)
[ vista simple ]
| 000 -LEADER | |
|---|---|
| fixed length control field | 01472 a2200265 4500 |
| 001 - CONTROL NUMBER | |
| control field | 49283 |
| 005 - DATE AND TIME OF LATEST TRANSACTION | |
| control field | 20260407155756.0 |
| 008 - FIXED-LENGTH DATA ELEMENTS--GENERAL INFORMATION | |
| fixed length control field | 260407a2019 arg spa d |
| 003 - CONTROL NUMBER IDENTIFIER | |
| control field | AR-UNSa-BCEJYS |
| 040 ## - CATALOGING SOURCE | |
| Original cataloging agency | AR-UNSa-BCEJYS |
| Language of cataloging | spa |
| Transcribing agency | AR-UNSa-BCEJYS |
| 080 ## - UNIVERSAL DECIMAL CLASSIFICATION NUMBER | |
| Universal Decimal Classification number | 336.226.1 |
| Common auxiliary subdivision | Impuestos a las ganancias o los beneficios (Impuesto Diferido) |
| 020 ## - INTERNATIONAL STANDARD BOOK NUMBER | |
| International Standard Book Number | 978-987-01-2310-1 |
| 041 ## - LANGUAGE CODE | |
| Language code of text/sound track or separate title | spa |
| 100 1# - MAIN ENTRY--PERSONAL NAME | |
| Personal name | Celdeiro, Ernesto Carlos |
| 245 10 - TITLE STATEMENT | |
| Title | Impuesto a las ganancias |
| Name of part/section of a work | explicado y comentado |
| 250 ## - EDITION STATEMENT | |
| Edition statement | 13a. ed. |
| 264 #1 - PRODUCTION, PUBLICATION, DISTRIBUTION, MANUFACTURE, AND COPYRIGHT NOTICE | |
| Place of production, publication, distribution, manufacture | Buenos Aires : |
| Name of producer, publisher, distributor, manufacturer | Errepar |
| Date of production, publication, distribution, manufacture, or copyright notice | 2019 |
| 300 ## - PHYSICAL DESCRIPTION | |
| Extent | xi, 252 p. |
| Dimensions | 27 cm. |
| 505 ## - FORMATTED CONTENTS NOTE | |
| Formatted contents note | 1. Aspectos teóricos de la imposición de la renta - 2. Hecho imponible - 3. Exenciones - 4. Criterios de imputación - 5. Determinación general del impuesto - 6. Valuación de bienes de uso e inversiones - 7. Ganancias de la primera categoría - 8. Ganancia de la segunda categoría - 9. Guanacias de la cuarta categoría - 10. Ganancias de la tercera categoría - 11. Amortizaciones - 12. Operaciones entre empresas vinculadas - 13. Situaciones especiales previstas por la ley - 14. Reorganización de sociedades - 15. Beneficiarios del exterior - 16. Renta mundial - 17. Liquidación e ingreso del impuesto. |
| 590 ## - LOCAL NOTE (RLIN) | |
| Local note | niveau_biblio:m niveau_hierar:0 |
| 700 1# - ADDED ENTRY--PERSONAL NAME | |
| Personal name | Imirizaldu, Juan José |
| 700 1# - ADDED ENTRY--PERSONAL NAME | |
| Personal name | Rofrano, Guido Omar |
| 856 41 - ELECTRONIC LOCATION AND ACCESS | |
| Uniform Resource Identifier | <a href="https://www.biblioeco.unsa.edu.ar/pmb/images/libros/L127925.jpg">https://www.biblioeco.unsa.edu.ar/pmb/images/libros/L127925.jpg</a> |
| Link text | Imagen de portada |
| Electronic format type | image/jpeg |
| 942 ## - ADDED ENTRY ELEMENTS (KOHA) | |
| Koha item type | |
| Withdrawn status | Lost status | Damaged status | Not for loan | Home library | Current library | Shelving location | Date acquired | Total checkouts | Full call number | Barcode | Date last seen | Price effective from | Koha item type | Public note |
|---|---|---|---|---|---|---|---|---|---|---|---|---|---|---|
| Biblioteca Prof. Eusebio Cleto del Rey | Biblioteca Prof. Eusebio Cleto del Rey | 07/04/2026 | 336.226.1 C392 13ed. | L127925 | 07/04/2026 | 07/04/2026 | Libro | ÙLTIMAS PÀGINAS HÙMEDAS | ||||||
| Biblioteca Prof. Eusebio Cleto del Rey | Biblioteca Prof. Eusebio Cleto del Rey | 07/04/2026 | 336.226.1 C392 13ed. | L127926 | 07/04/2026 | 07/04/2026 | Libro | CANTO LATERAL MANCHADO | ||||||
| Biblioteca Prof. Eusebio Cleto del Rey | Biblioteca Prof. Eusebio Cleto del Rey | 07/04/2026 | 336.226.1 C392 13ed. | L127927 | 07/04/2026 | 07/04/2026 | Libro | ÙLTIMA PÀG HÙMEDA - DESDE INICIO A PÀG 10 HÙMEDAS - TAPA DOBLADA |